000 00727cab a2200217 4500
001 WB3315-21
008 090401t1997 xxu||||| |||| 00| 0 eng d
035 _a(Sirsi) u77800
041 _aeng
245 _aChesterton names new chief
260 _c1997
350 _a0
490 _aFinancial Times
_v18 April 1997,25
490 _aProperty Week
_v18 April 1997,5(2)
520 _aSix months ago chief executive for Chesterton International, property agents left because of false statements. Michael Holme has been named new chief executive.
650 _aCHESTERTON INTERNATIONAL
650 _aPROPERTY AGENTS
690 _aMANAGEMENT-BUSINESS MANAGEMENT-PROFESSIONAL PRACTICE
942 _n0
948 _c18/04/1997
999 _c48909
_d48909